Büyüsü bozulmuş dünyayı büyülemek : (Record no. 65200)
| 000 -BAŞLIK | |
|---|---|
| Sabit Uzunluktaki Kontrol Alanı | 01504nam a22004457a 4500 |
| 001 - KONTROL NUMARASI | |
| Control Dosyası | 0064961 |
| 003 - KONTROL NUMARASI KİMLİĞİ | |
| Kontrol Alanı | KOHA_MİRAKIL |
| 005 - EN SON İŞLEM TARİHİ ve ZAMANI | |
| Kontrol Alanı | 20260207004534.0 |
| 007 - FİZİKSEL TANIM SABİT ALAN - GENEL BİLGİ | |
| Sabit uzunluklu kontrol alanı | ta |
| 008 - SABİT UZUNLUKTAKİ VERİ ÖGELERİ - GENEL BİLGİ | |
| Sabit Alan | 191113b2011 tu |||gr||||#0|||0|tur | |
| 020 ## - ISBN - ULUSLARARASI STANDART KİTAP NUMARASI | |
| Isbn | 9789755393131 |
| 040 ## - KATALOGLAMA KAYNAĞI | |
| Özgün Kataloglama Kurumu | TR-BiSEU |
| Kataloglama Dili | tur |
| Çeviri Kurumu | TR-BiSEU |
| Açıklama Kuralları | rda |
| 041 0# - DİL KODU | |
| Metin ya da ses kaydının dil kodu | tur |
| 044 ## - YAYINLAYAN/ÜRETEN KURULUŞUN ÜLKE KODU | |
| ISO country code | tu |
| 050 ## - SINIFLAMA ve YER NUMARASI | |
| Sınıflama Numarası | HC110.C6 |
| Yer Numarası | R58 2016 |
| 100 1# - KİŞİ ADI | |
| Yazar Adı (Kişi adı) | Ritzer, George. |
| 245 1# - ESER ADI BİLDİRİMİ | |
| Başlık | Büyüsü bozulmuş dünyayı büyülemek : |
| Alt Eseradı vb. | tüketim araçlarının devrimcileştirilmesi/ |
| Sorumluluk Bildirimi | George Ritzer ; George Ritzer ; çeviren Şen Süer Kaya. |
| 250 ## - BASIM BİLDİRİMİ | |
| Basım Bildirimi | 3. basım |
| 264 #1 - ÜRERİM, YAYIN, DAĞITIM ve TELİF BİLDİRİMİ | |
| Yayın yeri | İstanbul : |
| Yayınlayan | Ayrıntı |
| Yayın tarihi | 2011 |
| 300 ## - FİZİKSEL TANIMLAMA | |
| Sayfa, Cilt vb. | 270 sayfa ; |
| Boyutları | 21 cm. |
| 336 ## - İÇERİK TÜRÜ | |
| Content type term | metin |
| Content type code | txt |
| Source | rdacontent |
| 337 ## - MEDYA TÜRÜ | |
| Media type term | aracısız |
| Media type code | n |
| Source | rdamedia |
| 338 ## - TAŞIYICI TÜRÜ | |
| Carrier type term | cilt |
| Carrier type code | nc |
| Source | rdacarrier |
| 490 1# - DİZİ BİLDİRİMİ | |
| Dizi Bildirimi | Ayrıntı ; |
| Cilt Numarası | 302. |
| 490 1# - DİZİ BİLDİRİMİ | |
| Dizi Bildirimi | İnceleme dizisi ; |
| Cilt Numarası | 161 |
| 500 ## - GENEL NOT | |
| Genel Not | Eserin özgün adı :Enchanting a disenchanted world :revolutionizing the means of consumption. |
| 500 ## - GENEL NOT | |
| Genel Not | Kaynakça ve dizin var. |
| 650 #0 - KONU BAŞLIĞI EK GİRİŞ - KONU TERİMİ | |
| Konusal terim veya coğrafi ad | Tüketim (Ekonomi)--ABD. |
| 9 (RLIN) | 121126 |
| 650 #0 - KONU BAŞLIĞI EK GİRİŞ - KONU TERİMİ | |
| Konusal terim veya coğrafi ad | Consumption (Economics)--United States. |
| 9 (RLIN) | 121127 |
| 650 #0 - KONU BAŞLIĞI EK GİRİŞ - KONU TERİMİ | |
| Konusal terim veya coğrafi ad | Tüketim (Ekonomi). |
| 9 (RLIN) | 79033 |
| 650 #0 - KONU BAŞLIĞI EK GİRİŞ - KONU TERİMİ | |
| Konusal terim veya coğrafi ad | Consumption (Economics). |
| 9 (RLIN) | 72605 |
| 650 #0 - KONU BAŞLIĞI EK GİRİŞ - KONU TERİMİ | |
| Konusal terim veya coğrafi ad | Pazarlama--ABD. |
| 9 (RLIN) | 121128 |
| 650 #0 - KONU BAŞLIĞI EK GİRİŞ - KONU TERİMİ | |
| Konusal terim veya coğrafi ad | Marketing--United States. |
| 9 (RLIN) | 11810 |
| 650 #0 - KONU BAŞLIĞI EK GİRİŞ - KONU TERİMİ | |
| Konusal terim veya coğrafi ad | Pazarlama. |
| 9 (RLIN) | 2020 |
| 650 #0 - KONU BAŞLIĞI EK GİRİŞ - KONU TERİMİ | |
| Konusal terim veya coğrafi ad | Marketing. |
| 9 (RLIN) | 2838 |
| 830 1# - SERİ EK GİRİŞİ - TEKBİÇİM ESER ADI | |
| Tekbiçim Başlık | Ayrıntı ; |
| Volume number/sequential designation | 302. |
| 9 (RLIN) | 11262 |
| 830 1# - SERİ EK GİRİŞİ - TEKBİÇİM ESER ADI | |
| Tekbiçim Başlık | İnceleme dizisi ; |
| Volume number/sequential designation | 161 |
| 9 (RLIN) | 56248 |
| 907 ## - LOCAL DATA ELEMENT G, LDG (RLIN) | |
| a | Pazarlama |
| 942 ## - EK GİRİŞ ÖGELERİ (KOHA) | |
| Source of classification or shelving scheme | Library of Congress Classification |
| Koha item type | Book |
| Materyal Türü | Kalıcı Konum | Mevcut Konum | Raf Yeri | Sınıflandırma Kaynağı | Edinim Bilgisi | Ana Konular | Alt Konular | Yer Numarası | Demirbaş Numarası | Fatura Tarihi | Geri Çekilme Durumu | Kayıp Durumu | Hasarlı Durumu | Kredi için değil | Kayıt Tarih | Toplam Ödünçverme | Son Görülme Tarihi | Son Kontrol Tarihi |
|---|---|---|---|---|---|---|---|---|---|---|---|---|---|---|---|---|---|---|
| Book | Prof. Dr. Azmi Özcan Kütüphanesi | Prof. Dr. Azmi Özcan Kütüphanesi | Uluğbey Salonu | Library of Congress Classification | Satın | SOSYAL BİLİMLER | Ekonomi Tarihi ve Koşulları | HC110.C6 R58 2016 | 0064961 | 02/02/2026 | 13/11/2019 | 4 | 05/03/2025 | 05/03/2025 |
